|
|
|
|
| LEADER |
01081nam a2200253 a 4500 |
| 001 |
GR-MES3477 |
| 008 |
991111s1992 gr 000 0 gre d |
| 040 |
|
|
|a GrPaTEI
|b gre
|c GR-PaULI
|
| 245 |
0 |
2 |
|a Η τηλεοπτική βία και επιθετικότητα και οι επιδράσεις τους στα παιδιά και στους νέους.
|
| 260 |
|
|
|a Αθήνα :
|b Γρηγόρη,
|c 1992
|
| 300 |
|
|
|a 345σελ.
|
| 500 |
|
|
|a Περιέχει ελληνική και ξενόγλωσση βιβλιογραφία
|
| 650 |
|
4 |
|a ΒΙΑ
|
| 650 |
|
4 |
|a Ελλάδα
|
| 650 |
|
4 |
|a ΕΠΙΘΕΤΙΚΟΤΗΤΑ
|
| 650 |
|
4 |
|a ΚΟΙΝΩΝΙΚΟΠΟΙΗΣΗ
|
| 650 |
|
4 |
|a ΠΑΙΔΙΑ
|
| 650 |
|
4 |
|a ΤΗΛΕΟΡΑΣΗ
|
| 700 |
1 |
|
|a Βουϊδάσκης, Β.
|
| 710 |
0 |
|
|a Γρηγόρη
|
| 942 |
|
|
|2 ddc
|
| 952 |
|
|
|0 0
|1 0
|2 ddc
|4 0
|6 305_240000000000000_ΒΟΥ
|7 0
|9 268063
|a MSLG
|b MSLG
|c BSC
|d 2021-01-17
|e 24
|f 0
|g 0.00
|l 0
|o 305.24 ΒΟΥ
|p 2420000012735
|r 2021-01-17 00:00:00
|t 1
|w 2021-01-17
|y BK15
|x 19991111 0 1
|x GrPaTEI
|
| 971 |
|
|
|a .b25745220
|b 16-04-20
|c 13-09-16
|
| 999 |
|
|
|c 154400
|d 154400
|